LEADER 00867nam0 2200289 450 001 9911065324103321 005 20260304104847.0 010 $a8842524212 010 $a9788842524212 100 $a20260304d1998----km y0itay50 ba 101 0 $aita 102 $aIT 105 $ay 001yy 200 1 $a<>cavie dei lager$egli esperimenti medici delle SS$fLuciano Sterpellone$gpresentazione di Simon Wiesenthal 210 $aMilano$cMursia$d1998 215 $a224 p.$d21 cm 225 1 $aGUM$iTestimonianze 610 0 $aCampi di concentramento$aImpiego della medicina sperimentale 676 $a940.5317$v22$zita 700 1$aSterpellone,$bLuciano$0256097 801 0$aIT$bUNINA$gREICAT$2UNIMARC 901 $aBK 912 $a9911065324103321 952 $aSCA / STE 1$b13516$fBFS 959 $aBFS 996 $aCavie dei lager$9785329 997 $aUNINA